00969 2200349 4500001002100000005001500021035002000036007000300056040001700059100002600076245003700102250001800139300003900157504002500196020002200221041000800243082001200251084001800263090002100281264003000302336002100332337003000353338002300383500002900406650002300435850001000458008004100468700004400509990002200553990002200575990002200597INLIS00000000000741520260602024553 a0010-0822000389ta aSBPUPADbind0 aBartono PHePengarang1 aTata Boga Industri /cBartono PH aEd.1, Cet. 10 axiv, 274 hlm :bilus ;c16 x 23 cm abibliografi, hlm 261 a978-979-29-1640-90 aind a641.387 a641.387 BAR t a641.5 HAN d 20-8 aYogyakarta :bANDI,c2010 2rdacontentateks 2rdamediaatanpa perantara 2rdacarrieravolume aTentang Penulis, hlm 263 4aRestaurant cooking aPUPAD260602 0 0 aeditor, FI. Sigit SuryantoroePengarang a27.885/H/DPK/2018 a27.887/H/DPK/2018 a27.968/P/DPK/2018